000 00363nam a2200157Ia 4500
008 210210b1906 xxu||||| |||| 00| 0 eng d
041 _aeng
082 _a444/62
100 _aMUSSET (De A)
245 _aPoesies choisies
260 _aOxford
_bAt the Clarendon Press
_c1906
650 _aPoesies
650 _achoisies
690 _aFrench
906 _a006257
999 _c129276
_d129276